[Event "GER-chT U20"]
[Site "Kelbra"]
[Date "2006.12.29"]
[Round "6.2"]
[White "Becker, Nils"]
[Black "Braun, Arik"]
[Result "0-1"]
[WhiteElo "2148"]
[BlackElo "2525"]
[PlyCount "42"]
[EventDate "2006.12.27"]
[EventType "team-swiss"]
[EventRounds "7"]
[EventCountry "GER"]
[SourceTitle "EXT 2008"]
[Source "ChessBase"]
[SourceDate "2007.11.25"]
[SourceVersion "1"]
[SourceVersionDate "2007.11.25"]
[SourceQuality "1"]
[WhiteTeam "Ruedersdorf U20"]
[BlackTeam "Eppingen U20"]
[WhiteTeamCountry "GER"]
[BlackTeamCountry "GER"]

1. e4 e6 2. d3 d5 3. Nd2 Nc6 4. g3 dxe4 5. Nxe4 b6 6. Bg2 Bb7 7. Ne2 Qd7 8. Bd2 0-0-0 9. a4 a5 10. N4c3 Nge7 11. Nb5 Nf5 12. Bc3 f6 13. Nf4 e5 14. Ne2 Kb8 15. 0-0 h5 16. Nc1 g5 17. Qf3 g4 18. Qe4 h4 19. Qxg4 hxg3 20. fxg3 Bc5+ 21. Kh1 Qh7 0-1

[Event "GER-chT U20"]
[Site "Berlin"]
[Date "2005.12.30"]
[Round "7.3"]
[White "Hoffmann, Lukas"]
[Black "Becker, Nils"]
[Result "0-1"]
[WhiteElo "2149"]
[BlackElo "2122"]
[PlyCount "84"]
[EventDate "2005.12.27"]
[EventType "team-swiss"]
[EventRounds "7"]
[EventCountry "GER"]
[SourceTitle "EXT 2022"]
[Source "ChessBase"]
[SourceDate "2021.10.06"]
[SourceVersion "1"]
[SourceVersionDate "2021.10.06"]
[SourceQuality "1"]
[WhiteTeam "Hannover Post U20"]
[BlackTeam "Ruedersdorf Glueckauf U20"]
[WhiteTeamCountry "GER"]
[BlackTeamCountry "GER"]

1. e4 c5 2. Nf3 Nc6 3. Bb5 g6 4. 0-0 Bg7 5. c3 Nf6 6. Re1 0-0 7. d4 d5 8. e5 Ne4 9. Nbd2 Bf5 10. Nf1 f6 11. exf6 exf6 12. Ne3 Be6 13. dxc5 Nxc5 14. Nc2 Bf7 15. Ncd4 Qc7 16. Be3 Ne4 17. Qc1 Ne5 18. h3 a6 19. Bf1 Rfe8 20. Bf4 Rac8 21. Bh2 Qb6 22. Qc2 Nxf3+ 23. Nxf3 f5 24. Bf4 d4 25. c4 Qc5 26. Rac1 b5 27. b3 Nc3 28. cxb5 axb5 29. Bd3 Ra8 30. Rxe8+ Bxe8 31. Ra1 Bc6 32. Bd2 Ne2+ 33. Kf1 Qxc2 34. Bxc2 d3 35. Re1 dxc2 36. Kxe2 Rxa2 37. Bc1 Be4 38. g3 Ra1 39. Nd2 Rxc1 40. Rxc1 Bb2 41. Nxe4 Bxc1 42. Nf6+ Kf7 0-1

[Event "Hamburg Junge op"]
[Site "Hamburg"]
[Date "2005.10.08"]
[Round "8"]
[White "Bakker, Sven"]
[Black "Becker, Nils"]
[Result "1-0"]
[WhiteElo "2305"]
[BlackElo "2122"]
[PlyCount "86"]
[EventDate "2005.10.01"]
[EventType "swiss"]
[EventRounds "9"]
[EventCountry "GER"]
[SourceTitle "CBM 108 Extra"]
[Source "ChessBase"]
[SourceDate "2005.11.04"]
[SourceVersion "1"]
[SourceVersionDate "2005.11.04"]
[SourceQuality "1"]

1. d4 Nf6 2. c4 g6 3. Nc3 Bg7 4. e4 d6 5. f3 0-0 6. Be3 e5 7. d5 Nh5 8. Qd2 f5 9. 0-0-0 Nd7 10. Bd3 Nc5 11. Bc2 a6 12. Nge2 b5 13. b4 Nd7 14. cxb5 axb5 15. Kb2 Nf4 16. g3 Nxe2 17. Qxe2 f4 18. Bd2 Ba6 19. g4 Nb6 20. Bb3 Qd7 21. Rb1 Kh8 22. Rhc1 Rfb8 23. Ka1 Ra7 24. Be1 Rab7 25. Rc2 Nc4 26. Bxc4 bxc4 27. b5 Bxb5 28. Nxb5 Rxb5 29. Rxb5 Rxb5 30. Qxc4 Rc5 31. Qa6 Bf8 32. Rxc5 dxc5 33. Bc3 Bd6 34. a4 h5 35. h3 hxg4 36. hxg4 Kg7 37. Qb5 Qd8 38. a5 Qh4 39. a6 Qh1+ 40. Kb2 Qg2+ 41. Kb3 c4+ 42. Qxc4 Qg1 43. Ka4 Qc1 1-0

[Event "Hamburg Junge op"]
[Site "Hamburg"]
[Date "2005.10.02"]
[Round "2"]
[White "Stark, Lars"]
[Black "Becker, Nils"]
[Result "1-0"]
[WhiteElo "2342"]
[BlackElo "2122"]
[PlyCount "85"]
[EventDate "2005.10.01"]
[EventType "swiss"]
[EventRounds "9"]
[EventCountry "GER"]
[SourceTitle "CBM 108 Extra"]
[Source "ChessBase"]
[SourceDate "2005.11.04"]
[SourceVersion "1"]
[SourceVersionDate "2005.11.04"]
[SourceQuality "1"]

1. c4 e5 2. g3 Nf6 3. Bg2 d5 4. cxd5 Nxd5 5. Nf3 Nc6 6. 0-0 Nb6 7. b3 e4 8. Ne1 f5 9. Bb2 Be6 10. d3 Bc5 11. Qc1 Qe7 12. Nc3 Nd5 13. dxe4 Nxc3 14. Bxc3 fxe4 15. Bxe4 Nd4 16. Bxd4 Bxd4 17. Bxb7 0-0 18. Rb1 Rad8 19. e3 Bc5 20. Bg2 Kh8 21. Qc2 Bg4 22. Nd3 Bxe3 23. fxe3 Qxe3+ 24. Kh1 Rxf1+ 25. Rxf1 Be2 26. Qc5 Qxc5 27. Nxc5 Bxf1 28. Bxf1 Rd1 29. Kg1 Kg8 30. a4 Kf7 31. Kf2 Ke7 32. Bc4 Rc1 33. h4 Kd6 34. Nd3 Rc2+ 35. Kf3 a5 36. Bg8 Rc3 37. Ke3 Rc2 38. Bxh7 c5 39. Bg8 Rg2 40. Kf3 Rg1 41. Kf2 Rd1 42. Bc4 Rh1 43. Kf3 1-0

[Event "Oberliga Nord O 0405"]
[Site "Germany"]
[Date "2004.12.12"]
[Round "4.8"]
[White "Becker, Nils"]
[Black "Gruzmann, Boris"]
[Result "0-1"]
[WhiteElo "2087"]
[BlackElo "2283"]
[PlyCount "132"]
[EventDate "2004.10.24"]
[EventType "team-tourn"]
[EventRounds "9"]
[EventCountry "GER"]
[SourceTitle "EXT 2006"]
[Source "ChessBase"]
[SourceDate "2005.11.24"]
[SourceVersion "1"]
[SourceVersionDate "2005.11.24"]
[SourceQuality "1"]
[WhiteTeam "Ruedersdorf"]
[BlackTeam "Lasker Steglitz"]
[WhiteTeamCountry "GER"]
[BlackTeamCountry "GER"]

1. e4 c5 2. Nf3 d6 3. d4 cxd4 4. Nxd4 Nf6 5. Nc3 a6 6. Be3 Ng4 7. Bc1 Nc6 8. Be2 Qb6 9. Bxg4 Qxd4 10. 0-0 Qxd1 11. Bxd1 Be6 12. Nd5 0-0-0 13. Be3 Kb8 14. c3 g6 15. Be2 Bg7 16. Bb6 Rc8 17. Ne3 f5 18. exf5 gxf5 19. f4 Rcf8 20. Bd3 h5 21. Rae1 h4 22. Nc2 Bxa2 23. Re3 e5 24. fxe5 f4 25. Re4 Bxe5 26. Nb4 Nxb4 27. Rxb4 Bd5 28. Be4 Bxe4 29. Rxe4 h3 30. Bd4 hxg2 31. Rfxf4 Bxf4 32. Bxh8 Bxh2+ 33. Kxh2 Rxh8+ 34. Kxg2 Rf8 35. Re7 Rf6 36. Kg3 Ka7 37. Re4 b5 38. b4 Kb6 39. Rd4 Kc6 40. Rd3 Rf5 41. Kg4 Rd5 42. Rh3 Rd1 43. Kf4 Kd5 44. Rh8 Kc4 45. Rc8+ Kd3 46. Kf5 Rc1 47. Rc6 Rxc3 48. Rxd6+ Kc4 49. Rxa6 Re3 50. Rh6 Kxb4 51. Kf4 Re1 52. Kf3 Kc3 53. Kf2 Re5 54. Rh3+ Kc4 55. Rh4+ Kc5 56. Rh8 b4 57. Rc8+ Kd4 58. Rd8+ Kc3 59. Rc8+ Kb2 60. Rb8 b3 61. Rb7 Kc2 62. Rc7+ Kb1 63. Rb7 b2 64. Rb8 Rc5 65. Ke3 Kc2 66. Kd4 Rc7 0-1

[Event "GER-chT U16"]
[Site "Greifswald"]
[Date "2003.12.28"]
[Round "4.2"]
[White "Abel, Dennes"]
[Black "Becker, Nils"]
[Result "1-0"]
[WhiteElo "2139"]
[BlackElo "2036"]
[PlyCount "81"]
[EventDate "2003.12.27"]
[EventType "team-swiss"]
[EventRounds "7"]
[EventCountry "GER"]
[SourceTitle "EXT 2022"]
[Source "ChessBase"]
[SourceDate "2021.10.06"]
[SourceVersion "1"]
[SourceVersionDate "2021.10.06"]
[SourceQuality "1"]
[WhiteTeam "Hannover Post U16"]
[BlackTeam "Ruedersdorf Glueckauf U16"]
[WhiteTeamCountry "GER"]
[BlackTeamCountry "GER"]

1. d4 Nf6 2. c4 g6 3. Nc3 Bg7 4. e4 d6 5. Nf3 0-0 6. Be2 e5 7. 0-0 Nc6 8. d5 Ne7 9. b4 Nd7 10. Ba3 f5 11. Ng5 Nf6 12. f3 Kh8 13. c5 Nh5 14. Ne6 Bxe6 15. dxe6 Nf4 16. Bc4 dxc5 17. bxc5 c6 18. Rb1 Ng8 19. Qxd8 Rfxd8 20. Rxb7 Rd4 21. Bb3 Rd3 22. Nb1 fxe4 23. fxe4 Re3 24. g3 Nh3+ 25. Kg2 Ng5 26. h4 Re2+ 27. Rf2 Rxf2+ 28. Kxf2 Nxe4+ 29. Ke3 Nxg3 30. Bb2 Ne7 31. Kd2 Ngf5 32. Na3 Bf6 33. Nc4 Nxh4 34. Nxe5 Kg8 35. Nxc6 Bg5+ 36. Kc2 Nhf5 37. Nxe7+ Bxe7 38. c6 Kf8 39. c7 Bd6 40. Ba3 Rc8 41. Rb8 1-0

[Event "GER-chT U16"]
[Site "Burg Stargard"]
[Date "2002.12.29"]
[Round "5.3"]
[White "Stejskal, Janina Maria"]
[Black "Becker, Nils"]
[Result "0-1"]
[WhiteElo "1743"]
[BlackElo "1776"]
[PlyCount "90"]
[EventDate "2002.12.27"]
[EventType "team-tourn"]
[EventRounds "7"]
[EventCountry "GER"]
[SourceTitle "CBM 092 Extra"]
[Source "ChessBase"]
[SourceDate "2003.03.07"]
[SourceVersion "1"]
[SourceVersionDate "2003.03.07"]
[SourceQuality "1"]

1. e4 c5 2. Nf3 Nc6 3. d3 g6 4. g3 Bg7 5. Bg2 e6 6. 0-0 Nge7 7. Re1 d6 8. Nbd2 e5 9. Nf1 0-0 10. Be3 f5 11. Qd2 Be6 12. Bg5 Qd7 13. h4 f4 14. gxf4 exf4 15. Bxf4 Bxb2 16. Rab1 Bc3 17. Qxc3 Rxf4 18. a3 Bh3 19. N1h2 Rg4 20. Qb3+ Kf8 21. Ng5 Rxg2+ 22. Kh1 Rxf2 23. d4 Nxd4 24. Qxh3 Qxh3 25. Nxh3 Rxh2+ 26. Kxh2 Nf3+ 27. Kg3 Nxe1 28. Rxe1 h6 29. Nf4 Kf7 30. Rf1 Rd8 31. Nd5+ Ke6 32. Nf4+ Ke5 33. c3 Re8 34. Kf3 g5 35. hxg5 hxg5 36. Nd3+ Ke6 37. Kg4 Rg8 38. e5 Nd5 39. Rf3 c4 40. Nb2 dxe5 41. Nxc4 e4 42. Rh3 Rc8 43. Rh6+ Nf6+ 44. Kxg5 Rc5+ 45. Kg6 Rxc4 0-1

[Event "DLM U20"]
[Site "Werfen"]
[Date "2002.08.02"]
[Round "7.6"]
[White "Mader, Michael"]
[Black "Becker, Nils"]
[Result "1/2-1/2"]
[WhiteElo "1781"]
[BlackElo "1788"]
[PlyCount "99"]
[EventDate "2002.07.28"]
[EventType "team-swiss"]
[EventRounds "7"]
[EventCountry "GER"]
[SourceTitle "CBM 089 Extra"]
[Source "ChessBase"]
[SourceDate "2002.09.10"]
[SourceVersion "2"]
[SourceVersionDate "2002.09.10"]
[SourceQuality "1"]

1. e4 c5 2. Nf3 Nc6 3. d4 cxd4 4. Nxd4 g6 5. Nc3 Bg7 6. Be3 Nf6 7. f3 0-0 8. Bc4 Qb6 9. Bb3 Ng4 10. fxg4 Bxd4 11. Bxd4 Qxd4 12. Qxd4 Nxd4 13. Nd5 Nc6 14. h4 Rb8 15. 0-0-0 d6 16. g5 Bg4 17. Rde1 Be6 18. Rhg1 Bxd5 19. exd5 Ne5 20. Re3 Rbc8 21. Kd2 Rc7 22. c3 b5 23. Rge1 a5 24. a3 Rb8 25. Rc1 Kf8 26. Rc2 Rc5 27. Re4 Rbc8 28. Ke3 R8c7 29. g3 Ke8 30. Rd4 Kd7 31. Kf2 Kc8 32. Ke3 Kb7 33. Kf2 Kb6 34. Ke3 Rc8 35. Kf2 Ka6 36. Ke3 R8c7 37. Kf2 b4 38. axb4 axb4 39. c4 Ra5 40. Rc1 Kb6 41. Ke3 Rca7 42. Rdd1 Kc5 43. Ke4 Ng4 44. Kf4 Ne5 45. Ke4 Ra8 46. Rf1 R5a7 47. Rcd1 Rc8 48. Rc1 Rf8 49. Ra1 Rfa8 50. Rac1 1/2-1/2

[Event "DLM U20"]
[Site "Werfen"]
[Date "2002.07.30"]
[Round "4.6"]
[White "Mueller, Philipp"]
[Black "Becker, Nils"]
[Result "0-1"]
[WhiteElo "1623"]
[BlackElo "1788"]
[PlyCount "80"]
[EventDate "2002.07.28"]
[EventType "team-swiss"]
[EventRounds "7"]
[EventCountry "GER"]
[SourceTitle "CBM 089 Extra"]
[Source "ChessBase"]
[SourceDate "2002.09.10"]
[SourceVersion "2"]
[SourceVersionDate "2002.09.10"]
[SourceQuality "1"]

1. d4 Nf6 2. c4 g6 3. Nc3 Bg7 4. e4 d6 5. f3 0-0 6. Be3 e5 7. d5 Nh5 8. g4 Nf4 9. Nge2 Nxe2 10. Bxe2 Bh6 11. Qd3 Bxe3 12. Qxe3 Qh4+ 13. Qf2 Qxf2+ 14. Kxf2 a6 15. Ke3 Nd7 16. Na4 f5 17. gxf5 gxf5 18. Rhg1+ Kh8 19. Rg5 f4+ 20. Kd2 Nf6 21. Rc1 Bd7 22. Bd1 Rg8 23. h4 h6 24. Rxg8+ Rxg8 25. c5 Rg2+ 26. Kd3 Bb5+ 27. Kc3 Rg1 28. Kd2 Bxa4 29. Bxa4 Rxc1 30. Kxc1 dxc5 31. Kd2 Kg7 32. Kd3 b5 33. Bd1 Nd7 34. Be2 Nb6 35. b3 Kg6 36. Bf1 Kh5 37. Bh3 Kxh4 38. Bg4 h5 39. Be6 Kg3 40. Ke2 Kg2 0-1

[Event "GER-ch U14"]
[Site "Winterberg"]
[Date "2002.05.23"]
[Round "8"]
[White "Becker, Nils"]
[Black "Figura, Atila Gajo"]
[Result "1-0"]
[WhiteElo "1643"]
[BlackElo "2078"]
[PlyCount "91"]
[EventDate "2002.05.19"]
[EventType "swiss"]
[EventRounds "9"]
[EventCountry "GER"]
[SourceTitle "CBM 088 Extra"]
[Source "ChessBase"]
[SourceDate "2002.07.01"]
[SourceVersion "2"]
[SourceVersionDate "2002.07.01"]
[SourceQuality "1"]

1. e4 c5 2. Nf3 e6 3. Nc3 a6 4. d4 cxd4 5. Nxd4 b5 6. Bd3 Qb6 7. Be3 Bc5 8. Qg4 Bxd4 9. e5 Nc6 10. Qxg7 Bxe5 11. Qxe5 Nxe5 12. Bxb6 Bb7 13. Ne4 Bxe4 14. Bxe4 d5 15. Bd3 Nc4 16. Bd4 f6 17. b3 Nd6 18. a4 Rb8 19. axb5 Nxb5 20. Be3 Ne7 21. Rxa6 Kf7 22. 0-0 Rhc8 23. Rfa1 e5 24. c4 Nc7 25. R6a3 d4 26. Bd2 Ne6 27. b4 f5 28. f3 Nc6 29. Rb1 Kf6 30. Kf2 Ra8 31. Rba1 Rxa3 32. Rxa3 Rb8 33. b5 Ncd8 34. Ra6 Nb7 35. Bb4 Rc8 36. h3 Rc7 37. g4 fxg4 38. hxg4 Kf7 39. Ra7 Kf6 40. b6 Rf7 41. Be4 Nbc5 42. Rxf7+ Kxf7 43. b7 Nxb7 44. Bxb7 Nf4 45. Be4 h5 46. Bd2 1-0

[Event "GER-ch U14"]
[Site "Winterberg"]
[Date "2002.05.23"]
[Round "7"]
[White "Kesten, Sebastian"]
[Black "Becker, Nils"]
[Result "1/2-1/2"]
[WhiteElo "1657"]
[BlackElo "1643"]
[PlyCount "62"]
[EventDate "2002.05.19"]
[EventType "swiss"]
[EventRounds "9"]
[EventCountry "GER"]
[SourceTitle "CBM 088 Extra"]
[Source "ChessBase"]
[SourceDate "2002.07.01"]
[SourceVersion "2"]
[SourceVersionDate "2002.07.01"]
[SourceQuality "1"]

1. d4 Nf6 2. c4 g6 3. Nc3 Bg7 4. e4 d6 5. f3 0-0 6. Be3 Nbd7 7. Qd2 c5 8. d5 Ne5 9. h3 a6 10. Be2 Qc7 11. f4 Ned7 12. Nf3 Nb6 13. 0-0-0 Rd8 14. g4 Bd7 15. Rdg1 Na4 16. Nxa4 Bxa4 17. Bd3 b5 18. Bc2 Bxc2 19. Qxc2 bxc4 20. Qxc4 Rab8 21. Bd2 Qb7 22. b3 Qb5 23. Re1 Qxc4+ 24. bxc4 Rb7 25. Kc2 Rdb8 26. Bc3 Nd7 27. e5 Nb6 28. Kd3 Na4 29. Rh2 Rb1 30. Ree2 Kf8 31. h4 Kg8 1/2-1/2